|
|
|
|
| LEADER |
01394nam a2200337 a 4500 |
| 001 |
3949 |
| 003 |
BD-DhAAL |
| 005 |
20150311121839.0 |
| 008 |
150311s1997 nyua b 001 0 eng |
| 010 |
|
|
|a 97001325
|
| 020 |
|
|
|a 0471123838 (hardcover : alk. paper)
|
| 040 |
|
|
|a DLC
|c DLC
|d DLC
|d BD-DhAAL
|
| 050 |
0 |
0 |
|a BF723.M54
|b P37 1997
|
| 082 |
0 |
0 |
|a 649/.7
|2 21
|
| 245 |
0 |
0 |
|a Parenting and children's internalization of values :
|b a handbook of contemporary theory /
|c edited by Joan E. Grusec, Leon Kuczynski.
|
| 260 |
|
|
|a New York :
|b J. Wiley,
|c c1997.
|
| 300 |
|
|
|a xxiv, 439 p. :
|b ill. ;
|c 26 cm.
|
| 504 |
|
|
|a Includes bibliographical references and indexes.
|
| 541 |
|
|
|e 3949
|
| 650 |
|
0 |
|a Moral development.
|9 9408
|
| 650 |
|
0 |
|a Socialization.
|9 8744
|
| 650 |
|
0 |
|a Parent and child.
|9 9409
|
| 650 |
|
0 |
|a Child rearing.
|9 9410
|
| 650 |
|
0 |
|a Parents
|x Attitudes.
|9 9411
|
| 650 |
|
0 |
|a Social values.
|9 9412
|
| 700 |
1 |
|
|a Grusec, Joan E.
|9 9413
|
| 700 |
1 |
|
|a Kuczynski, Leon,
|d 1950-
|9 9414
|
| 942 |
|
|
|2 ddc
|c BK
|
| 999 |
|
|
|c 33976
|d 33976
|
| 952 |
|
|
|0 0
|1 0
|2 ddc
|4 0
|6 649_700000000000000_PAR
|7 0
|9 53024
|a SCL
|b SCL
|c GEN
|d 2015-03-11
|e Gift: The Asia Foundation
|l 2
|m 1
|o 649.7 PAR
|p 3020003949
|r 2017-02-28
|s 2017-02-14
|t 1
|w 2015-03-11
|y BK
|
| 952 |
|
|
|0 0
|1 0
|2 ddc
|4 0
|6 649_700000000000000_PAR
|7 0
|9 53025
|a SCL
|b SCL
|c GEN
|d 2015-03-11
|e Gift: The Asia Foundation
|l 0
|o 649.7 PAR
|p 3020003945
|r 2015-03-11
|t 2
|w 2015-03-11
|y BK
|